[Event "Saint Louis Blitz 2025"]
[Site "Saint Louis USA"]
[Date "2025.08.14"]
[Round "1.1"]
[White "Vachier-Lagrave, Maxime"]
[Black "Abdusattorov, Nodirbek"]
[Result "1/2-1/2"]
[WhiteTitle "GM"]
[BlackTitle "GM"]
[WhiteElo "2736"]
[BlackElo "2771"]
[WhiteFideId "623539"]
[BlackFideId "14204118"]
[EventDate "2025.08.14"]

1. e4 d5 2. exd5 Qxd5 3. Nc3 Qa5 4. d4 Nf6 5. Bc4 Bg4 6. Ne2 e6 7. Bd2 Qb6 8.
O-O c6 9. Bd3 Nbd7 10. Be3 Qc7 11. Qd2 Bd6 12. h3 Bh5 13. Nf4 Bg6 14. Nxg6 hxg6
15. Rfe1 O-O-O 16. Ne4 Nxe4 17. Bxe4 f5 18. Bg5 fxe4 19. Bxd8 Rxd8 20. Rxe4 e5
21. Qg5 Nf6 22. Re2 exd4 23. Qxg6 c5 24. b3 Kb8 25. Rae1 a6 26. a4 Ka7 27. g3
Nd5 28. Re8 Rd7 29. h4 a5 30. R1e6 Nf6 31. Rh8 Re7 32. Rxe7 Qxe7 33. h5 Qe2 34.
Qd3 Qe1+ 35. Kg2 Ne4 36. Qf3 d3 37. cxd3 Nd2 38. Qe3 Qf1+ 39. Kh2 Nxb3 40. Rd8
Bb8 41. Rd7 Nd4 42. Rxg7 Qd1 43. Kg2 Qxa4 44. Qe4 Qc6 45. Qxc6 Nxc6 46. f4 a4
47. h6 a3 48. h7 Be5 49. h8=Q a2 50. fxe5 a1=Q 51. Rf7 Qa2+ 52. Rf2 Qd5+ 53. Kg1
Nxe5 54. Qh5 Qd4 55. Kg2 Nxd3 56. Ra2+ Kb6 57. Qg6+ Kb5 58. Qe8+ Kb6 59. Qe6+
Kb5 60. Qe8+ Kb6 61. Qe6+ Kb5 62. Qe8+ Kb6 1/2-1/2

[Event "Saint Louis Blitz 2025"]
[Site "Saint Louis USA"]
[Date "2025.08.14"]
[Round "1.2"]
[White "Le, Quang Liem"]
[Black "Dominguez Perez, Leinier"]
[Result "1-0"]
[WhiteTitle "GM"]
[BlackTitle "GM"]
[WhiteElo "2729"]
[BlackElo "2738"]
[WhiteFideId "12401137"]
[BlackFideId "3503240"]
[EventDate "2025.08.14"]

1. d4 d5 2. Nf3 Nf6 3. c4 dxc4 4. e3 e6 5. Bxc4 c5 6. O-O Be7 7. Nc3 O-O 8. Qe2
cxd4 9. exd4 a6 10. Bg5 b5 11. Bb3 Bb7 12. Rfe1 b4 13. d5 bxc3 14. dxe6 Kh8 15.
Rad1 Qb6 16. exf7 Bc5 17. Ne5 Nbd7 18. Nxd7 Qc6 19. Qf3 Qxd7 20. Rxd7 Bxf3 21.
Bxf6 gxf6 22. gxf3 cxb2 23. Kf1 Rac8 24. Be6 Bxf2 25. Kxf2 Rc2+ 26. Kf1 Kg7 27.
Rb7 Rd8 28. f8=Q+ Kxf8 29. Rf7+ 1-0

[Event "Saint Louis Blitz 2025"]
[Site "Saint Louis USA"]
[Date "2025.08.14"]
[Round "1.3"]
[White "Oparin, Grigoriy"]
[Black "So, Wesley"]
[Result "1-0"]
[WhiteTitle "GM"]
[BlackTitle "GM"]
[WhiteElo "2660"]
[BlackElo "2745"]
[WhiteFideId "24125890"]
[BlackFideId "5202213"]
[EventDate "2025.08.14"]

1. e4 c5 2. Nf3 d6 3. d4 cxd4 4. Nxd4 Nf6 5. Nc3 a6 6. Nb3 e6 7. Be3 b5 8. e5
dxe5 9. Qf3 Nd5 10. O-O-O Bb7 11. Bd3 Qc7 12. Nxd5 Bxd5 13. Be4 Bxe4 14. Qxe4
Nc6 15. Nc5 Rc8 16. Rd7 Qa5 17. Rhd1 Be7 18. a3 O-O 19. Nb7 Qa4 20. Qxa4 bxa4
21. Nd6 Bxd6 22. R1xd6 Rfe8 23. Bb6 h5 24. Bc7 Nd4 25. Rxa6 f6 26. Kb1 Ra8 27.
Rxa8 Rxa8 28. Bb6 Nf5 29. c4 Rc8 30. c5 Nd4 31. Ra7 Nc6 32. Rxa4 Kf7 33. b4 f5
34. b5 Nd4 35. Rb4 Ra8 36. c6 Ne2 37. Kb2 Nf4 38. Rc4 Rb8 39. c7 Rc8 40. Ba5 1-0

[Event "Saint Louis Blitz 2025"]
[Site "Saint Louis USA"]
[Date "2025.08.14"]
[Round "1.4"]
[White "Aronian, Levon"]
[Black "Gukesh, D"]
[Result "1/2-1/2"]
[WhiteTitle "GM"]
[BlackTitle "GM"]
[WhiteElo "2737"]
[BlackElo "2776"]
[WhiteFideId "13300474"]
[BlackFideId "46616543"]
[EventDate "2025.08.14"]

1. e4 e5 2. Nf3 Nc6 3. Be2 Nf6 4. d3 Bc5 5. Nc3 O-O 6. O-O h6 7. Nxe5 Nxe5 8. d4
Bd6 9. f4 Nc6 10. e5 Be7 11. d5 Nxd5 12. Nxd5 Bc5+ 13. Be3 Bxe3+ 14. Nxe3 d6 15.
exd6 cxd6 16. Kh1 Re8 17. Nd5 Ne7 18. Bf3 Be6 19. Nxe7+ Qxe7 20. Qd4 Rac8 21. c3
b6 22. Rfe1 Qd7 23. a3 Qb5 24. Qd2 Red8 25. h3 Qa4 26. Re4 Rc4 27. Rae1 d5 28.
Rxc4 Qxc4 29. Rd1 Qc5 30. Qd4 Qxd4 31. Rxd4 Rd7 32. Kg1 Kf8 33. Kf2 Ke7 34. Ke3
f6 35. Rd2 Bf7 36. Bg4 Rc7 37. Be2 Kd6 38. Rd4 Re7+ 39. Kd2 Re4 40. Bd3 Rxd4 41.
cxd4 g5 42. g3 Be6 43. h4 Bd7 44. Ke3 Be6 45. Bg6 Ke7 46. fxg5 fxg5 47. hxg5
hxg5 48. Bd3 Kf6 49. Kd2 Bf5 50. Be2 Be6 51. Bd3 Bf5 52. Bb5 Be6 53. Ke3 Ke7 54.
Kf3 Kf6 55. Be8 Ke7 56. Bh5 Kf6 57. Ke3 Ke7 58. Bf3 Kf6 59. Kd3 Ke7 60. Kc3 Kd6
61. Kd2 Ke7 62. Kc3 Kd6 63. Kd2 Ke7 64. Kc3 1/2-1/2

[Event "Saint Louis Blitz 2025"]
[Site "Saint Louis USA"]
[Date "2025.08.14"]
[Round "1.5"]
[White "Caruana, Fabiano"]
[Black "Shankland, Sam"]
[Result "1/2-1/2"]
[WhiteTitle "GM"]
[BlackTitle "GM"]
[WhiteElo "2784"]
[BlackElo "2670"]
[WhiteFideId "2020009"]
[BlackFideId "2004887"]
[EventDate "2025.08.14"]

1. e4 e5 2. d3 Nc6 3. Nc3 g6 4. f4 d6 5. g3 Bg7 6. Bg2 Nge7 7. Nf3 O-O 8. O-O
Nd4 9. Nxd4 exd4 10. Ne2 f5 11. c3 dxc3 12. Nxc3 Kh8 13. Be3 Be6 14. Kh1 c6 15.
Ne2 c5 16. Qd2 Rc8 17. Rac1 b6 18. b4 Qd7 19. bxc5 dxc5 20. e5 Nd5 21. Nc3 Rfd8
22. Rfd1 Bf8 23. Nxd5 Bxd5 24. Bxd5 Qxd5+ 25. Qg2 Kg8 26. a4 Kf7 27. Qxd5+ Rxd5
28. Kg2 Ke6 29. Kf3 c4 30. dxc4 Rxd1 31. Rxd1 Rxc4 32. Rd8 Be7 33. Rh8 Rxa4 34.
Rxh7 Ra3 35. Ke2 Ra2+ 36. Kd3 b5 37. Rg7 Ra3+ 38. Ke2 b4 39. Rxg6+ Kd5 40. Rg7
Ke4 41. Rxe7 Rxe3+ 42. Kd2 Ra3 43. Rd7 Ra2+ 44. Kc1 Rxh2 45. e6 Rh6 46. Rd6 Rh7
47. Rd7 Rh6 48. e7 Re6 49. Rxa7 Kf3 50. Ra5 Rxe7 51. Rxf5 Kxg3 52. Rb5 Kxf4 53.
Rxb4+ Re4 54. Rxe4+ Kxe4 1/2-1/2

[Event "Saint Louis Blitz 2025"]
[Site "Saint Louis USA"]
[Date "2025.08.14"]
[Round "2.1"]
[White "Shankland, Sam"]
[Black "Gukesh, D"]
[Result "1/2-1/2"]
[WhiteTitle "GM"]
[BlackTitle "GM"]
[WhiteElo "2670"]
[BlackElo "2776"]
[WhiteFideId "2004887"]
[BlackFideId "46616543"]
[EventDate "2025.08.14"]

1. e4 e5 2. Nf3 Nc6 3. Bb5 Nf6 4. O-O Nxe4 5. d4 Nd6 6. Bxc6 dxc6 7. dxe5 Nf5 8.
Qxd8+ Kxd8 9. h3 a5 10. Nc3 Ke8 11. Bf4 a4 12. Rad1 h6 13. a3 Ne7 14. Nd4 Nf5
15. Nf3 Be6 16. g4 Ne7 17. Nd4 h5 18. Nxe6 fxe6 19. Ne4 Nd5 20. Bg3 b5 21. Ng5
Kd7 22. Kg2 Be7 23. Ne4 c5 24. c4 bxc4 25. Rc1 h4 26. Bh2 Rhb8 27. Rc2 Rb3 28.
Nd2 c3 29. bxc3 Rxc3 30. Rxc3 Nxc3 31. f4 Rb8 32. Nc4 Nd5 33. f5 Rb3 34. Rf3 Kc6
35. Na5+ Kb5 36. Nxb3 axb3 37. Rxb3+ Ka4 38. Rb7 c4 39. Bg1 c3 40. Bd4 c2 41.
Bb2 exf5 42. gxf5 Bg5 43. Kf3 Nb6 44. Rxc7 Kb3 45. Rb7 Kxb2 46. Rxb6+ Kxa3 47.
Rc6 c1=Q 48. Rxc1 Bxc1 49. Kg4 Bb2 50. f6 Bxe5 51. fxg7 Bxg7 52. Kxh4 Bf6+ 53.
Kg4 Bd8 54. h4 Bxh4 55. Kxh4 1/2-1/2

[Event "Saint Louis Blitz 2025"]
[Site "Saint Louis USA"]
[Date "2025.08.14"]
[Round "2.2"]
[White "Abdusattorov, Nodirbek"]
[Black "Oparin, Grigoriy"]
[Result "0-1"]
[WhiteTitle "GM"]
[BlackTitle "GM"]
[WhiteElo "2771"]
[BlackElo "2660"]
[WhiteFideId "14204118"]
[BlackFideId "24125890"]
[EventDate "2025.08.14"]

1. e4 e5 2. Nf3 Nc6 3. Bc4 Bc5 4. d3 d6 5. c3 Bb6 6. a4 h6 7. O-O Nge7 8. d4
exd4 9. cxd4 a5 10. h3 O-O 11. Nc3 Nb4 12. Bb3 d5 13. Re1 dxe4 14. Nxe4 Ned5 15.
Ng3 c6 16. Ne5 Be6 17. Ra3 Qh4 18. Nf3 Qf6 19. Nh5 Qf5 20. Ne5 Rad8 21. Bxd5
Rxd5 22. Rg3 g6 23. Ng4 Kh8 24. Bxh6 Bxd4 25. Qxd4+ Rxd4 26. Bg7+ Kh7 27. Bxd4
Nd5 28. Re5 Qb1+ 29. Kh2 Bxg4 30. Rxg4 f5 31. Rg5 Qd3 32. Bc5 Rf7 33. Ng3 Qc4
34. Bd6 Qh4 35. f4 0-1

[Event "Saint Louis Blitz 2025"]
[Site "Saint Louis USA"]
[Date "2025.08.14"]
[Round "2.3"]
[White "Dominguez Perez, Leinier"]
[Black "Vachier-Lagrave, Maxime"]
[Result "0-1"]
[WhiteTitle "GM"]
[BlackTitle "GM"]
[WhiteElo "2738"]
[BlackElo "2736"]
[WhiteFideId "3503240"]
[BlackFideId "623539"]
[EventDate "2025.08.14"]

1. e4 c5 2. Nf3 d6 3. d4 cxd4 4. Nxd4 Nf6 5. Nc3 a6 6. Be2 e5 7. Nb3 Be7 8. Be3
Be6 9. f4 exf4 10. Bxf4 Nc6 11. Qd2 O-O 12. O-O-O Ne5 13. Rhg1 b5 14. g4 Rc8 15.
g5 Nfd7 16. Nd4 Re8 17. Kb1 Bf8 18. Nf5 Rc6 19. Nd4 Rc8 20. Nxe6 fxe6 21. a3 Qb6
22. h4 b4 23. axb4 Qxb4 24. Rg3 Nb6 25. b3 Nec4 26. Bxc4 Nxc4 27. Qd3 Rc6 28.
Bc1 Rec8 29. Na2 Qb6 30. Rg2 a5 31. Qd4 Qb7 32. g6 hxg6 33. h5 a4 34. b4 gxh5
35. Rh1 Qf7 36. Rg5 g6 37. Rhg1 Ne5 38. c3 Bg7 39. Qd1 Nf3 40. Rxg6 Nxg1 41.
Rxg1 Kh7 42. Bb2 Rc4 43. Qd3 Be5 44. Rh1 Qg6 45. Ka1 a3 46. Bxa3 Rxc3 47. Nxc3
Rxc3 0-1

[Event "Saint Louis Blitz 2025"]
[Site "Saint Louis USA"]
[Date "2025.08.14"]
[Round "2.4"]
[White "Caruana, Fabiano"]
[Black "Le, Quang Liem"]
[Result "0-1"]
[WhiteTitle "GM"]
[BlackTitle "GM"]
[WhiteElo "2784"]
[BlackElo "2729"]
[WhiteFideId "2020009"]
[BlackFideId "12401137"]
[EventDate "2025.08.14"]

1. e4 e5 2. Nc3 Nf6 3. g3 Bc5 4. Bg2 a5 5. d3 d6 6. Nge2 Nc6 7. O-O O-O 8. h3
Nd4 9. Kh2 Nxe2 10. Qxe2 a4 11. a3 Nd7 12. f4 exf4 13. Bxf4 Bd4 14. Qd2 Ne5 15.
Ne2 Bb6 16. d4 Ng6 17. Be3 Be6 18. Nf4 Nxf4 19. gxf4 Bc4 20. Rf3 f5 21. Rg3 fxe4
22. Bxe4 d5 23. Bf3 Qf6 24. Rag1 Rf7 25. Rg5 c6 26. b3 axb3 27. cxb3 Ba6 28. Bg4
Kh8 29. Rf5 Qe7 30. Rxf7 Qxf7 31. f5 Re8 32. Bf4 Re4 33. Be5 Bc7 34. Bxc7 Qxc7+
35. Kh1 Qe7 36. Qh2 Qf8 37. Qf2 Qf6 38. Qg3 Re8 39. Qf4 Bd3 40. Kh2 Be4 41. Bh5
Rf8 42. Qf2 Qxf5 43. Qxf5 Rxf5 44. Bg4 Rf2+ 45. Kg3 Rb2 46. b4 g5 47. Bc8 h5 48.
Bxb7 Rc2 49. a4 Kg7 50. h4 Rc3+ 51. Kf2 g4 52. a5 Kf6 53. a6 Rf3+ 54. Ke2 Ra3
55. Rc1 g3 56. Rxc6+ Kf5 57. Rc8 g2 58. Rg8 Kf4 59. b5 Ra2+ 60. Ke1 Ke3 61. Rg3+
Bf3 62. Rxf3+ Kxf3 0-1

[Event "Saint Louis Blitz 2025"]
[Site "Saint Louis USA"]
[Date "2025.08.14"]
[Round "2.5"]
[White "So, Wesley"]
[Black "Aronian, Levon"]
[Result "1/2-1/2"]
[WhiteTitle "GM"]
[BlackTitle "GM"]
[WhiteElo "2745"]
[BlackElo "2737"]
[WhiteFideId "5202213"]
[BlackFideId "13300474"]
[EventDate "2025.08.14"]

1. e4 e6 2. d4 d5 3. e5 c5 4. c3 Nc6 5. Nf3 Qb6 6. g3 cxd4 7. cxd4 Nge7 8. Bh3
Nf5 9. Bxf5 exf5 10. Nc3 Be6 11. Kf1 h6 12. h4 Be7 13. Kg2 O-O 14. Ne2 a5 15.
Nf4 a4 16. Rb1 Rfc8 17. Bd2 Qb5 18. Qf1 Qxf1+ 19. Rhxf1 Bd8 20. Rbc1 Bb6 21. Be3
a3 22. bxa3 Na5 23. Nd2 Nc6 24. Nf3 Na5 25. Nd2 Nc6 26. Nf3 1/2-1/2

[Event "Saint Louis Blitz 2025"]
[Site "Saint Louis USA"]
[Date "2025.08.14"]
[Round "3.1"]
[White "Aronian, Levon"]
[Black "Abdusattorov, Nodirbek"]
[Result "0-1"]
[WhiteTitle "GM"]
[BlackTitle "GM"]
[WhiteElo "2737"]
[BlackElo "2771"]
[WhiteFideId "13300474"]
[BlackFideId "14204118"]
[EventDate "2025.08.14"]

1. e4 e5 2. Nf3 Nc6 3. Be2 Nf6 4. d3 d5 5. Nbd2 Bc5 6. c3 a5 7. h3 O-O 8. Qc2
Re8 9. a4 b6 10. O-O Ba6 11. Re1 h6 12. Nf1 Qd7 13. Ng3 Rad8 14. Rd1 Qc8 15. Nh2
dxe4 16. dxe4 Bxe2 17. Qxe2 Qe6 18. Re1 Rd7 19. Be3 Bxe3 20. Qxe3 Red8 21. Nf3
Qc4 22. Qe2 Qxe2 23. Rxe2 g6 24. Kf1 Rd6 25. Rc2 Nd7 26. Ke2 Nc5 27. Ne1 Nb3 28.
Ra3 Rd2+ 29. Kf1 Rxc2 30. Nxc2 Nd2+ 31. Ke1 h5 32. f3 Nc4 33. Ra2 Rd2 34. Ne3
Rxb2 35. Rxb2 Nxb2 36. Nd5 Nxa4 37. Kd2 Nc5 38. Nxc7 a4 39. Ne2 Na5 40. Nc1 Nc4+
41. Ke2 a3 42. Nb5 h4 43. Na2 Kg7 44. Nc7 Kh6 45. Nd5 Kg5 46. Nab4 Ne6 47. Kd3
b5 48. Kc2 Nf4 49. Nc7 Nxg2 50. Nxb5 Nf4 51. Kb3 Nd2+ 52. Kc2 Nxf3 53. c4 Nd4+
54. Nxd4 exd4 55. c5 Ne6 56. Nd3 f5 57. e5 f4 58. c6 f3 59. Nc5 Kf5 60. Nd3 Ke4
61. Nf2+ Kxe5 62. Kb3 Kf4 63. Kxa3 Kg3 64. Ne4+ Kxh3 65. Ng5+ Kg3 66. Nxe6 f2
67. c7 f1=Q 68. c8=Q Qa1+ 69. Kb3 Qc3+ 70. Qxc3+ dxc3 0-1

[Event "Saint Louis Blitz 2025"]
[Site "Saint Louis USA"]
[Date "2025.08.14"]
[Round "3.2"]
[White "Gukesh, D"]
[Black "So, Wesley"]
[Result "0-1"]
[WhiteTitle "GM"]
[BlackTitle "GM"]
[WhiteElo "2776"]
[BlackElo "2745"]
[WhiteFideId "46616543"]
[BlackFideId "5202213"]
[EventDate "2025.08.14"]

1. e4 e5 2. Nf3 Nc6 3. Bb5 Nf6 4. d3 Bc5 5. Bxc6 dxc6 6. c3 Nd7 7. d4 Bd6 8. O-O
O-O 9. Bg5 Qe8 10. Re1 f6 11. Bh4 a5 12. Nbd2 a4 13. Nc4 Qe6 14. Ne3 Re8 15. Nf5
Bf8 16. Qc2 g6 17. dxe5 Nxe5 18. Nxe5 fxe5 19. Ne3 Qf7 20. Bg3 b5 21. b4 axb3
22. axb3 Rxa1 23. Rxa1 Be6 24. b4 c5 25. Qb2 Bd7 26. Ra6 cxb4 27. cxb4 Bd6 28.
h3 Bc8 29. Ra7 Bd7 30. Qc3 Qg7 31. Nd5 Rc8 32. Qd3 Be8 33. Qf3 Qf7 34. Qg4 Rb8
35. Qg5 Qg7 36. Nf6+ Kf7 37. Ng4 Ke6 38. Qd2 Bc6 39. Ra6 Rb6 40. Qa2+ Ke7 41.
Rxb6 cxb6 42. Qa7+ Bd7 43. Ne3 Qf7 44. Nd5+ Kf8 45. Qxb6 Qe6 46. Bh4 Kf7 47. Qe3
Bf8 48. Qf3+ Kg7 49. Bf6+ Kg8 50. Bxe5 Qxe5 51. Nf6+ Kg7 52. Nxd7 Qa1+ 53. Kh2
Bd6+ 54. g3 Bxb4 55. e5 Qa6 56. Qf4 Qc6 57. Nf6 Be7 58. Ng4 b4 59. Qd4 Qc5 60.
Qd7 h5 61. Ne3 b3 62. Qb7 Qb4 63. Qxb4 Bxb4 64. Nc4 0-1

[Event "Saint Louis Blitz 2025"]
[Site "Saint Louis USA"]
[Date "2025.08.14"]
[Round "3.3"]
[White "Le, Quang Liem"]
[Black "Shankland, Sam"]
[Result "1-0"]
[WhiteTitle "GM"]
[BlackTitle "GM"]
[WhiteElo "2729"]
[BlackElo "2670"]
[WhiteFideId "12401137"]
[BlackFideId "2004887"]
[EventDate "2025.08.14"]

1. d4 Nf6 2. c4 g6 3. g3 c6 4. Bg2 d5 5. Qa4 Bg7 6. cxd5 Nxd5 7. Nf3 Nb6 8. Qc2
Bxd4 9. Bh6 Bf5 10. Qc1 Na4 11. Nxd4 Qxd4 12. O-O Nd7 13. Nd2 Qc5 14. Nc4 Be6
15. b3 Bxc4 16. bxa4 Bxe2 17. Qb2 Qe5 18. Qxb7 Rb8 19. Qxa7 Bxf1 20. Rxf1 Qc5
21. Qc7 Qb6 22. Qxc6 Qxc6 23. Bxc6 Rb6 24. Bb5 f6 25. Rc1 Kd8 26. Bd2 Rxb5 27.
axb5 Ne5 28. Bf4 Nf3+ 29. Kg2 Nd4 30. Rd1 1-0

[Event "Saint Louis Blitz 2025"]
[Site "Saint Louis USA"]
[Date "2025.08.14"]
[Round "3.4"]
[White "Oparin, Grigoriy"]
[Black "Dominguez Perez, Leinier"]
[Result "1-0"]
[WhiteTitle "GM"]
[BlackTitle "GM"]
[WhiteElo "2660"]
[BlackElo "2738"]
[WhiteFideId "24125890"]
[BlackFideId "3503240"]
[EventDate "2025.08.14"]

1. e4 e5 2. Nc3 Nc6 3. g3 Bc5 4. Bg2 a5 5. d3 d6 6. Nge2 Nge7 7. O-O O-O 8. h3
Be6 9. Nd5 Qd7 10. Kh2 f5 11. f4 Kh8 12. Nxe7 Qxe7 13. exf5 Rxf5 14. g4 Rff8 15.
f5 Bg8 16. Nc3 Ba7 17. Nd5 Bxd5 18. Bxd5 Nd8 19. g5 c6 20. Bg2 d5 21. Qg4 Bb8
22. Kh1 Kg8 23. c4 Qd6 24. Be3 Nf7 25. cxd5 cxd5 26. g6 Nh6 27. Bxh6 gxh6 28. f6
e4 29. gxh7+ Kf7 30. Qg7+ Ke6 1-0

[Event "Saint Louis Blitz 2025"]
[Site "Saint Louis USA"]
[Date "2025.08.14"]
[Round "3.5"]
[White "Vachier-Lagrave, Maxime"]
[Black "Caruana, Fabiano"]
[Result "1/2-1/2"]
[WhiteTitle "GM"]
[BlackTitle "GM"]
[WhiteElo "2736"]
[BlackElo "2784"]
[WhiteFideId "623539"]
[BlackFideId "2020009"]
[EventDate "2025.08.14"]

1. e4 c5 2. Nf3 Nc6 3. d4 cxd4 4. Nxd4 Nf6 5. Nc3 e5 6. Ndb5 d6 7. Nd5 Nxd5 8.
exd5 Nb8 9. a4 Be7 10. Be2 O-O 11. O-O Bf5 12. Be3 a6 13. Na3 Nd7 14. Qd2 Rc8
15. Nc4 b6 16. Rfc1 a5 17. b4 axb4 18. Qxb4 Rb8 19. Rab1 Nf6 20. Bxb6 Qc8 21.
Ne3 Bg6 22. a5 Nd7 23. Nc4 Nc5 24. Qa3 Ne4 25. a6 Ra8 26. a7 Qd7 27. Be3 f5 28.
f3 f4 29. Bb6 Nf6 30. Ra1 Nxd5 31. Bf2 Bf7 32. Rd1 Qc7 33. Bf1 Rfc8 34. Rxd5
Bxd5 35. Nb6 Bb7 36. Qb3+ d5 37. Nxa8 Bxa8 38. Ba6 Rf8 39. c4 Bc5 40. cxd5 Bxf2+
41. Kxf2 Qxa7+ 42. Kf1 Kh8 43. Ra2 Qd4 44. Bc4 e4 45. fxe4 Qxe4 46. Re2 Qd4 47.
Qd3 Qxd3 48. Bxd3 Bxd5 49. Kf2 f3 50. Re5 fxg2+ 51. Kg1 Bg8 52. Kxg2 g6 53. Re7
Bf7 54. Be4 Kg7 55. Ra7 Kf6 56. Ra8 Be8 57. Kg3 Ke7 58. Ra7+ Bd7 59. Bc6 Rd8 60.
h4 Kd6 61. Bxd7 Rxd7 62. Rxd7+ Kxd7 63. h5 g5 64. h6 Ke6 65. Kg4 Kf6 66. Kh5 Kf5 1/2-1/2

[Event "Saint Louis Blitz 2025"]
[Site "Saint Louis USA"]
[Date "2025.08.14"]
[Round "4.1"]
[White "Le, Quang Liem"]
[Black "Vachier-Lagrave, Maxime"]
[Result "1/2-1/2"]
[WhiteTitle "GM"]
[BlackTitle "GM"]
[WhiteElo "2729"]
[BlackElo "2736"]
[WhiteFideId "12401137"]
[BlackFideId "623539"]
[EventDate "2025.08.14"]

1. Nf3 d5 2. d4 Nf6 3. c4 c5 4. e3 cxd4 5. exd4 e6 6. Nc3 Be7 7. cxd5 exd5 8.
Bb5+ Bd7 9. Bxd7+ Nbxd7 10. O-O O-O 11. Qb3 Nb6 12. Re1 Re8 13. Bg5 Qd7 14. a4
Nc4 15. Ne5 Nxe5 16. dxe5 Ng4 17. Bxe7 Qxe7 18. h3 Nxe5 19. Nxd5 Qd6 20. Rad1 b6
21. f4 Qc5+ 22. Kh2 Ng6 23. Rc1 Qd6 24. Red1 Rac8 25. Rxc8 Rxc8 26. Qg3 Ne7 27.
Qg4 Rf8 28. Nxe7+ Qxe7 29. Rd7 Qb4 30. Rxa7 Qxb2 31. a5 bxa5 32. Rxa5 h6 33. Re5
Qd4 34. Qf3 Rd8 35. Qe3 Qxe3 36. Rxe3 g6 37. Kg3 Kf8 38. Kf3 Kg7 39. g3 h5 40.
Ra3 f5 41. Rb3 Rd7 42. Ra3 Rd8 43. Rb3 Rd7 44. Ra3 Rd8 1/2-1/2

[Event "Saint Louis Blitz 2025"]
[Site "Saint Louis USA"]
[Date "2025.08.14"]
[Round "4.2"]
[White "Caruana, Fabiano"]
[Black "Oparin, Grigoriy"]
[Result "1/2-1/2"]
[WhiteTitle "GM"]
[BlackTitle "GM"]
[WhiteElo "2784"]
[BlackElo "2660"]
[WhiteFideId "2020009"]
[BlackFideId "24125890"]
[EventDate "2025.08.14"]

1. Nf3 Nf6 2. b3 d5 3. Bb2 Bf5 4. g3 h6 5. Bg2 e6 6. O-O Nbd7 7. d3 Bh7 8. Nbd2
Be7 9. Re1 O-O 10. e4 a5 11. a3 c6 12. e5 Ne8 13. h4 b5 14. a4 bxa4 15. Rxa4 Nb6
16. Ra1 a4 17. Qe2 Nc7 18. Bd4 Nb5 19. Bxb6 Qxb6 20. bxa4 Nc3 21. Qe3 c5 22. Nf1
Qb4 23. Qd2 Rfb8 24. Ne3 Bg6 25. a5 Rxa5 26. Rec1 Bd8 27. Nd1 Nxd1 28. Qxd1 Rxa1
29. Rxa1 Bh5 30. Ra7 Bb6 31. Ra1 Bc7 32. Qe2 Qc3 33. Ra7 Bxf3 34. Qxf3 Qxe5 35.
c4 Rd8 36. cxd5 exd5 37. Rb7 Qd6 38. Qxd5 Qxd5 39. Bxd5 Rxd5 40. Rxc7 Rxd3 41.
Rxc5 g6 42. Rc8+ Kg7 43. Rc5 Kg8 44. Rc8+ Kg7 45. Rc5 Kg8 1/2-1/2

[Event "Saint Louis Blitz 2025"]
[Site "Saint Louis USA"]
[Date "2025.08.14"]
[Round "4.3"]
[White "Dominguez Perez, Leinier"]
[Black "Aronian, Levon"]
[Result "0-1"]
[WhiteTitle "GM"]
[BlackTitle "GM"]
[WhiteElo "2738"]
[BlackElo "2737"]
[WhiteFideId "3503240"]
[BlackFideId "13300474"]
[EventDate "2025.08.14"]

1. e4 e5 2. Nf3 Nc6 3. Bb5 a6 4. Ba4 Nf6 5. O-O b5 6. Bb3 Bc5 7. a4 Rb8 8. c3 d6
9. d4 Bb6 10. a5 Ba7 11. Be3 O-O 12. dxe5 Bxe3 13. exf6 Bh6 14. fxg7 Bxg7 15.
Nbd2 b4 16. Bd5 bxc3 17. bxc3 Ne7 18. Bc4 Bxc3 19. Ra3 Bg7 20. Qe2 d5 21. exd5
Nxd5 22. Bxd5 Qxd5 23. Ne4 Bb7 24. Ng3 Rfe8 25. Qc2 Qc6 26. Qd2 Rbd8 27. Qf4 Rd4
28. Qf5 Rd5 29. Qf4 Qd6 30. Qc1 Rd8 31. h3 Rd1 32. Rxd1 Qxd1+ 33. Qxd1 Rxd1+ 34.
Kh2 Rd5 35. Nh4 Bc8 36. Nf3 Be6 37. Ra4 h6 38. Ne4 Bd7 39. Rc4 Rxa5 40. Rxc7 Bf5
41. Nc5 Bf8 42. Nb7 Rd5 43. g4 Be4 44. Kg3 Rd3 0-1

[Event "Saint Louis Blitz 2025"]
[Site "Saint Louis USA"]
[Date "2025.08.14"]
[Round "4.4"]
[White "Abdusattorov, Nodirbek"]
[Black "Gukesh, D"]
[Result "1-0"]
[WhiteTitle "GM"]
[BlackTitle "GM"]
[WhiteElo "2771"]
[BlackElo "2776"]
[WhiteFideId "14204118"]
[BlackFideId "46616543"]
[EventDate "2025.08.14"]

1. e4 e5 2. Nf3 Nc6 3. Bb5 a6 4. Bxc6 dxc6 5. O-O Qf6 6. d4 exd4 7. Bg5 Qd6 8.
Nxd4 Be7 9. Be3 Nf6 10. f3 O-O 11. Nd2 c5 12. Nc4 Qd8 13. Ne2 b6 14. Nf4 b5 15.
Qxd8 Rxd8 16. Na5 Bd6 17. a4 Re8 18. axb5 axb5 19. Nb3 Rxa1 20. Rxa1 c4 21. Nc5
Nd7 22. Nxd7 Bxd7 23. g4 Be5 24. Ra7 Bc6 25. c3 g6 26. g5 Rd8 27. Ra1 b4 28. Ne2
f6 29. Bd4 Kf7 30. gxf6 Kxf6 31. Ra6 Rd6 32. Bc5 Re6 33. f4 Bxc3 34. bxc3 b3 35.
e5+ Kf5 36. Ba3 Ke4 37. Nd4 1-0

[Event "Saint Louis Blitz 2025"]
[Site "Saint Louis USA"]
[Date "2025.08.14"]
[Round "4.5"]
[White "Shankland, Sam"]
[Black "So, Wesley"]
[Result "0-1"]
[WhiteTitle "GM"]
[BlackTitle "GM"]
[WhiteElo "2670"]
[BlackElo "2745"]
[WhiteFideId "2004887"]
[BlackFideId "5202213"]
[EventDate "2025.08.14"]

1. Nf3 d5 2. g3 Bg4 3. Bg2 c6 4. O-O Nd7 5. h3 Bh5 6. c4 Bxf3 7. exf3 dxc4 8.
Re1 e6 9. Qc2 Nc5 10. Qxc4 Nd3 11. Re3 Nxc1 12. Nc3 Nxa2 13. Rxa2 Nf6 14. f4 Be7
15. f5 exf5 16. Qb4 Qc7 17. Ra5 Kf8 18. Qa4 g6 19. g4 b5 20. Nxb5 cxb5 21. Rxb5
Rb8 22. g5 Rxb5 23. gxf6 Re5 24. Rc3 Re1+ 25. Bf1 Qb7 26. Rb3 Rxf1+ 27. Kxf1
Qh1+ 28. Ke2 Bxf6 0-1